000 00883nam a22003257a 4500
001 BR2018000624
003 BR-BrBNA
005 20230928105234.0
007 ta
008 230509b bl.||||| |||| 00| 0 por d
040 _aBR-BrBNA
_bpor
_cBiblioteca Nacional de Agricultura
041 _a(Por)
072 _aK10
_b3103
090 _ 3103 BR2018000624
100 1 _aWendling, I.
100 1 _aZanette, F.
110 1 _aEMBRAPA Florestas, Colombo, PR (Brasil)
245 1 _aAraucária: particularidades, propagação e manejo de plantios
260 3 _aBrasília, DF (Brasil):
_c2017.
300 _a159 p.
500 _aSeveral bibliography; 15 tables; 55 illus.
650 _aPINHEIRO-DO-PARANÁ
650 _aMUDA
650 _aSEMENTE
650 _aESTACA
650 _aENXERTO
650 _aMADEIRA
909 _a202309
_bLucia
_c55
_dLucia Elande
942 _cBK
999 _c84219
_d84219